Quiz about the 2025 Cambodian–Thai border crisis - Statistics

General Stats
  • This quiz has been taken 64 times
  • The average score is 5 of 10
Answer Stats
Question Answer % Correct
What was the former name of Thailand ? Siam
85%
Which temple is at the core of the Cambodian–Thai border crisis ? Preah Vihear
74%
Who was the Prime Minister of Thailand during the beginning of the current skirmish between Thailand and Cambodia ? Paethongtarn Shinawatra
70%
Which empire has colonized the current territory of Thailand ? None
59%
What is the length of the Cambodian–Thai border ? 803 km
52%
Which country did serve as an intermediary to implement the ceasefire between the two countries ? Malaysia
46%
When did the International Court of Justice rule in favor of Cambodia for the establishment of the current border with Thailand ? In 1962 and in 2013
37%
Which country was the last to join ASEAN ? Cambodia
35%
When was the Franco-Siamese treaty signed, defining the current border between Cambodia and Thailand ? 1907
31%
When did the current skirmish begin ? 28th of May, 2025
26%
No matching quizzes found
Score Distribution
Percent of People with Each Score
Percentile by Number Answered
Your Score History
You have not taken this quiz